Novelistas anteriores a Cervantes
Enregistré dans:
| Format: | Livre |
|---|---|
| Langue: | Undetermined |
| Publié: |
Madrid, España
Rivadeneyra
1876
|
| Collection: | Biblioteca de autores españoles, desde la formación del lenguaje hasta nuestros días
Tomo 3 |
| Sujets: | |
| Accès en ligne: | Acceso al texto completo |
| Tags: |
Ajouter un tag
Pas de tags, Soyez le premier à ajouter un tag!
|
MARC
| LEADER | 00000nam a2200000Ia 4500 | ||
|---|---|---|---|
| 008 | 170316s9999 xx 000 0 und d | ||
| 040 | |a cru BVZT | ||
| 090 | |a R-413 N-2n T.3 BAE | ||
| 245 | |a Novelistas anteriores a Cervantes |c Manuel Rivadeneya, editor | ||
| 260 | |a Madrid, España | ||
| 260 | |b Rivadeneyra | ||
| 260 | |c 1876 | ||
| 300 | |a XXXVI, 690 páginas | ||
| 490 | |a Biblioteca de autores españoles, desde la formación del lenguaje hasta nuestros días |v Tomo 3 | ||
| 650 | |a REFERENCIA | ||
| 650 | |a NOVELA | ||
| 650 | |a ESPAÑA | ||
| 856 | |u https://babel.hathitrust.org/cgi/pt?id=pst.000003615614;view=1up;seq=13 |y Acceso al texto completo | ||
| 942 | |c REF | ||
| 999 | |c 14822 |d 14822 | ||
